• 首页
  • 本馆介绍
  • 公告通知
  • 最新文献
  • 馆藏检索
  • 电子资源
  • 读者导购
  • 参考咨询
  • 我的图书馆
  • 登录
  • 详细信息显示
  • 放入我的书架
  • 预约/预借图书
  • 作者相关作品
  • 分类相关作品
  • 丛书相关作品
  • 出版社相关作品

书目信息

  • 表格格式
  • 工作单格式
  • 卡片格式
题名:
为国争气的铁人王进喜
    
 
作者: 赵秋实 编著
分册:  
出版信息: 长春   吉林人民出版社  2011
页数: 127页
开本: 23cm
丛书名: 中华爱国人物故事
单 册:
中图分类: K828.1=73 , K828.1
科图分类:
主题词: 先进工作者--生平事迹--中国--现代
电子资源:
ISBN: 978-7-206-07823-1
000 00928nam 2200265 450
001 2346558126
005 20231208125616.80
010    @a978-7-206-07823-1@dCNY35.00
100    @a20150513d2011 em y0chiy50 ea
101 0  @achi
102    @aCN@b220000
105    @aac z 000yd
200 1  @a为国争气的铁人王进喜@Awei guo zheng qi de tie ren wang jin xi@f赵秋实编著
210    @a长春@c吉林人民出版社@d2011
215    @a127页@c图, 肖像@d23cm
225 2  @a中华爱国人物故事@Azhong hua ai guo ren wu gu shi
330    @a本书介绍了中国石油工人王进喜的光辉典范, 内容包括: 铁人--王进喜、命运多舛的王进喜、干劲十足的王进喜、总理肯定王进喜等。
410  0 @12001 @a中华爱国人物故事
600  0 @a王进喜,@f1923-1970@x生平事迹
606 0  @a先进工作者@x生平事迹@y中国@z现代
690    @aK828.1=73@v5
690    @aK828.1@v4
701  0 @a赵秋实@Azhao qiu shi@4编著
801  0 @aCN@b湖北三新@c20150513
905    @aZUCC@dK828.1@e26
    
    为国争气的铁人王进喜/赵秋实编著.-长春:吉林人民出版社,2011
    127页:图, 肖像;23cm.-(中华爱国人物故事)
    
    
    ISBN 978-7-206-07823-1:CNY35.00
    本书介绍了中国石油工人王进喜的光辉典范, 内容包括: 铁人--王进喜、命运多舛的王进喜、干劲十足的王进喜、总理肯定王进喜等。
●
相关链接 在五车中查询图书 在当当中查询图书 在豆瓣中查询图书


正题名:为国争气的铁人王进喜     索取号:K828.1/26         预约/预借

序号 登录号 条形码 馆藏地/架位号 状态 备注
1 2001378334   2001378334   三新/湖北三新(第三批)/2011/ [索取号:K828.1/26] 在馆    
2 2001378335   2001378335   三新/湖北三新(第三批)/2011/ [索取号:K828.1/26] 在馆    
3 2001378336   2001378336   三新/湖北三新(第三批)/2011/ [索取号:K828.1/26] 在馆    
4 2001378337   2001378337   三新/湖北三新(第三批)/2011/ [索取号:K828.1/26] 在馆    
5 2001378338   2001378338   三新/湖北三新(第三批)/2011/ [索取号:K828.1/26] 在馆    
6 2001378339   2001378339   三新/湖北三新(第三批)/2011/ [索取号:K828.1/26] 在馆    
7 2001378340   2001378340   三新/湖北三新(第三批)/2011/ [索取号:K828.1/26] 在馆    
8 2001378341   2001378341   三新/湖北三新(第三批)/2011/ [索取号:K828.1/26] 在馆    
9 2001378342   2001378342   三新/湖北三新(第三批)/2011/ [索取号:K828.1/26] 在馆    
10 2001378343   2001378343   三新/湖北三新(第三批)/2011/ [索取号:K828.1/26] 在馆    
11 2001378344   2001378344   三新/湖北三新(第三批)/2011/ [索取号:K828.1/26] 在馆    
12 2001378345   2001378345   三新/湖北三新(第三批)/2011/ [索取号:K828.1/26] 在馆    
13 2001378346   2001378346   三新/湖北三新(第三批)/2011/ [索取号:K828.1/26] 在馆    
14 2001378347   2001378347   三新/湖北三新(第三批)/2011/ [索取号:K828.1/26] 在馆    
15 2001378348   2001378348   三新/湖北三新(第三批)/2011/ [索取号:K828.1/26] 在馆    
16 2001378349   2001378349   三新/湖北三新(第三批)/2011/ [索取号:K828.1/26] 在馆    
17 2001378350   2001378350   三新/湖北三新(第三批)/2011/ [索取号:K828.1/26] 在馆    
18 2001378351   2001378351   三新/湖北三新(第三批)/2011/ [索取号:K828.1/26] 在馆    
19 2001378352   2001378352   三新/湖北三新(第三批)/2011/ [索取号:K828.1/26] 在馆    
20 2001378353   2001378353   三新/湖北三新(第三批)/2011/ [索取号:K828.1/26] 在馆    
21 2001378354   2001378354   三新/湖北三新(第三批)/2011/ [索取号:K828.1/26] 在馆    
22 2001378355   2001378355   三新/湖北三新(第三批)/2011/ [索取号:K828.1/26] 在馆    
23 2001378356   2001378356   三新/湖北三新(第三批)/2011/ [索取号:K828.1/26] 在馆    
24 2001378357   2001378357   三新/湖北三新(第三批)/2011/ [索取号:K828.1/26] 在馆    
25 2001378358   2001378358   三新/湖北三新(第三批)/2011/ [索取号:K828.1/26] 在馆    
26 2001378359   2001378359   三新/湖北三新(第三批)/2011/ [索取号:K828.1/26] 在馆    
27 2001378360   2001378360   三新/湖北三新(第三批)/2011/ [索取号:K828.1/26] 在馆    
28 2001378361   2001378361   三新/湖北三新(第三批)/2011/ [索取号:K828.1/26] 在馆    
29 2001378362   2001378362   三新/湖北三新(第三批)/2011/ [索取号:K828.1/26] 在馆    
30 2001378363   2001378363   三新/湖北三新(第三批)/2011/ [索取号:K828.1/26] 在馆    
山东省滨州职业学院图书馆 欢迎您!
大连网信软件有限公司© 版权所有